000 nam a22 7a 4500
999 _c9138
_d9138
008 180123b ||||| |||| 00| 0 eng d
100 _aNCERT
_95409
245 _aBusiness Studies XI
260 _aNew Delhi
_bNCERT
_c2007